Examining the role of game elements in fostering affective commitment through a gameful experience in a gamified geographic information system (Record no. 113868)

MARC details
000 -LEADER
fixed length control field 00693nam a22001697a 4500
005 - DATE AND TIME OF LATEST TRANSACTION
control field 20260131114640.0
008 - FIXED-LENGTH DATA ELEMENTS--GENERAL INFORMATION
fixed length control field 241018b |||||||| |||| 00| 0 eng d
082 ## - DEWEY DECIMAL CLASSIFICATION NUMBER
Classification number 658:007
Item number SEB/E T
100 ## - MAIN ENTRY--PERSONAL NAME
Personal name Sebastian Joy Panattil
245 ## - TITLE STATEMENT
Title Examining the role of game elements in fostering affective commitment through a gameful experience in a gamified geographic information system
260 ## - PUBLICATION, DISTRIBUTION, ETC. (IMPRINT)
Name of publisher, distributor, etc School of Management Studies, CUSAT
Place of publication, distribution, etc Kochi.
Date of publication, distribution, etc 2024.
300 ## - PHYSICAL DESCRIPTION
Extent 383p.
653 ## - INDEX TERM--UNCONTROLLED
Uncontrolled term Management Information Systems-Gamified Geographic Information System
700 ## - ADDED ENTRY--PERSONAL NAME
Personal name Guided by Manu Melwin Joy
856 ## - ELECTRONIC LOCATION AND ACCESS
Link text http://hdl.handle.net/10603/611796
Uniform Resource Identifier http://hdl.handle.net/10603/611796
942 ## - ADDED ENTRY ELEMENTS (KOHA)
item type On order/under processing
Holdings
Lost status Source of classification or shelving scheme Not for loan Home library Current library Date acquired Total Checkouts Full call number Barcode Date last seen Price effective from Koha item type Public note
  Universal Decimal Classification Not For Loan University Library University Library 18/10/2024   658:007 SEB/E T T0002153 18/10/2024 18/10/2024 Theses processing
University Library, CUSAT